Statistics for Car Model Badges 2

Click here to take the quiz!

General Stats

  • This quiz has been taken 25 times
  • The average score is 6 of 16

Answer Stats

Answer% Correct
Lamborghini Sesto Elemento
78%
Toyota GT86
70%
Volkswagen Rabbit
70%
Opel Manta
65%
AMC Hornet
43%
Bricklin SV-1
39%
Ford Thunderbird
39%
Oldsmobile Super 88
39%
Audi Fox
35%
Toyota Century
26%
Toyota Celica
22%
Chevrolet Monte Carlo
17%
Triumph Stag
17%
Buick Riviera
13%
Toyota Vitz
13%
Chrysler Imperial
9%

Score Distribution

Percentile by Number Answered

Percent of People with Each Score

Your Score History

You have not taken this quiz